UBT Library

DRI readings in macroeconomics / (Record no. 45120)

000 -LEADER
fixed length control field 00601cam a2200229 i 4500
001 - CONTROL NUMBER
control field 1827535
005 - DATE AND TIME OF LATEST TRANSACTION
control field 20180315061837.0
008 - FIXED-LENGTH DATA ELEMENTS--GENERAL INFORMATION
fixed length control field 801217r1981 nyua 000 0 eng
010 ## - LIBRARY OF CONGRESS CONTROL NUMBER
LC control number 80028339
020 ## - INTERNATIONAL STANDARD BOOK NUMBER
International Standard Book Number 0070546592 :
Terms of availability $7.95 (est.)
040 ## - CATALOGING SOURCE
Original cataloging agency DLC
Transcribing agency DLC
Modifying agency DLC
041 ## - LANGUAGE CODE
Language code of text/sound track or separate title eng
043 ## - GEOGRAPHIC AREA CODE
Geographic area code n-us---
080 ## - UNIVERSAL DECIMAL CLASSIFICATION NUMBER
Universal Decimal Classification number 339 SAN
082 00 - DEWEY DECIMAL CLASSIFICATION NUMBER
Classification number 339 SAN
Edition number 19
100 ## - Rafti
Rafti 52
101 ## - Shkurtesa
Shkurtesa MAK
245 00 - TITLE STATEMENT
Title DRI readings in macroeconomics /
Statement of responsibility, etc [edited by] Allen R. Sanderson.
740 ## - ADDED ENTRY--UNCONTROLLED RELATED/ANALYTICAL TITLE
Uncontrolled related/analytical title Readings in macroeconomics.
906 ## - LOCAL DATA ELEMENT F, LDF (RLIN)
a 7
b cbc
c orignew
d u
e ocip
f 19
g y-gencatlg
942 ## - ADDED ENTRY ELEMENTS (KOHA)
Source of classification or shelving scheme
Item type Books
Holdings
Withdrawn status Lost status Source of classification or shelving scheme Damaged status Not for loan Collection code Permanent location Current location Shelving location Date acquired Total Checkouts Full call number Barcode Date last seen Price effective from Koha item type
          Koleksioni i përgjithshem UBT - Lipjan UBT - Lipjan Koleksioni i përgjithshem 03/15/2018   339 SAN 002-3001871 03/15/2018 03/15/2018 Books
UBT Library © 2015-2024. All rights reserved University Education for Business and Technology